| 000 | 00395nam a22001697a 4500 | ||
|---|---|---|---|
| 005 | 20180802151339.0 | ||
| 008 | 160618b xxu||||| |||| 00| 0 eng d | ||
| 020 | _a81-7446-448-6 | ||
| 041 | _aeng | ||
| 082 |
_b8231 _a658.3 |
||
| 100 |
_aRao, V.S.P. _94694 |
||
| 245 | _aHuman Resource Management | ||
| 260 |
_bExcel book _c2010 |
||
| 300 | _a691p, | ||
| 650 |
_aManagement _9241 |
||
| 942 | _cBK | ||
| 999 |
_c3167 _d3166 |
||